000 nam a22 7a 4500
999 _c7343
_d7343
008 170816b xxu||||| |||| 00| 0 eng d
020 _a9788177000245
100 _aArora Sumita
_93881
245 _aComputer Science with C++
250 _a9th
260 _aNew delhi
_bDhanpat Rai & Co
_c2011